Society and the assessment of techology

Đã lưu trong:
書目詳細資料
主要作者: Hetman, Francois
格式: 圖書
語言:Undetermined
出版: Paris OECD 1973
主題:
標簽: 添加標簽
沒有標簽, 成為第一個標記此記錄!
Thư viện lưu trữ: Trung tâm Học liệu Trường Đại học Cần Thơ
LEADER 00476nam a2200181Ia 4500
001 CTU_86175
008 210402s9999 xx 000 0 und d
082 |a 301.24 
082 |b H589 
100 |a Hetman, Francois 
245 0 |a Society and the assessment of techology 
245 0 |c Francois Hetman 
260 |a Paris 
260 |b OECD 
260 |c 1973 
650 |a Technology and asessment 
904 |i Năm 
980 |a Trung tâm Học liệu Trường Đại học Cần Thơ